The myth of independence / (Record no. 21839)

MARC details
000 -LEADER
fixed length control field 00741cam a22002531 4500
001 - CONTROL NUMBER
control field 3128550
003 - CONTROL NUMBER IDENTIFIER
control field BDDh-ASL
005 - DATE AND TIME OF LATEST TRANSACTION
control field 20231015030041.0
008 - FIXED-LENGTH DATA ELEMENTS--GENERAL INFORMATION
fixed length control field 700514s1969 enkcf b 000 0 eng
010 ## - LIBRARY OF CONGRESS CONTROL NUMBER
LC control number 70394876
015 ## - NATIONAL BIBLIOGRAPHY NUMBER
National bibliography number B69-07028
020 ## - INTERNATIONAL STANDARD BOOK NUMBER
International Standard Book Number 0192151673
040 ## - CATALOGING SOURCE
Original cataloging agency DLC
Transcribing agency DLC
Modifying agency DLC
-- BDDh-ASL
050 00 - LIBRARY OF CONGRESS CALL NUMBER
Classification number DS383.5.A2
Item number B52
082 00 - DEWEY DECIMAL CLASSIFICATION NUMBER
Classification number 327.549
Item number BHM
100 1# - MAIN ENTRY--PERSONAL NAME
Personal name Bhutto, Zulfikar Ali,
Dates associated with a name 1928-1979.
245 14 - TITLE STATEMENT
Title The myth of independence /
260 ## - PUBLICATION, DISTRIBUTION, ETC.
Place of publication, distribution, etc. London :
-- Lahore [etc.]
Name of publisher, distributor, etc. Oxford U.P.,
Date of publication, distribution, etc. 1969.
300 ## - PHYSICAL DESCRIPTION
Extent x, 188 p. :
Other physical details 4 plates, ports.
Dimensions 22 cm.
504 ## - BIBLIOGRAPHY, ETC. NOTE
Bibliography, etc. note Bibliographical footnotes.
651 #0 - SUBJECT ADDED ENTRY--GEOGRAPHIC NAME
Geographic name Pakistan
General subdivision Foreign relations.
906 ## - LOCAL DATA ELEMENT F, LDF (RLIN)
a 7
b cbc
c orignew
d u
e ncip
f 19
g y-gencatlg
942 ## - ADDED ENTRY ELEMENTS (KOHA)
Source of classification or shelving scheme Dewey Decimal Classification
Koha item type Books
Holdings
Withdrawn status Lost status Source of classification or shelving scheme Damaged status Not for loan Collection code Home library Current library Shelving location Date acquired Source of acquisition Total Checkouts Full call number Barcode Date last seen Copy number Price effective from Koha item type Public note
    Dewey Decimal Classification     Non-fiction Asiatic Society Library Asiatic Society Library General Stacks 02/15/2021 ASB Library Collections   327.549 BHM 105821 02/15/2021 C-1 02/15/2021 Books RARE
    Dewey Decimal Classification     Non-fiction Asiatic Society Library Asiatic Society Library General Stacks 02/15/2021 ASB Library Collections   327.549 BHM 105822 02/15/2021 C-2 02/15/2021 Books RARE
    Dewey Decimal Classification     Non-fiction Asiatic Society Library Asiatic Society Library General Stacks 06/22/2021 Donated by A. K. M. Azizul Haq and Prof. Husaiara Haq   327.549 BHM 109838 06/22/2021 C-3 06/22/2021 Books Rare

Powered by Koha